UBT Library

The coming plague : (Record no. 851)

000 -LEADER
fixed length control field 00561nam a22001817a 4500
008 - FIXED-LENGTH DATA ELEMENTS--GENERAL INFORMATION
fixed length control field 150520b xxu||||| |||| 00| 0 eng d
020 ## - INTERNATIONAL STANDARD BOOK NUMBER
International Standard Book Number 0374126461 :
041 0# - LANGUAGE CODE
Language code of text/sound track or separate title eng
080 ## - UNIVERSAL DECIMAL CLASSIFICATION NUMBER
Universal Decimal Classification number 614.4
100 ## - Rafti
Rafti Garrett, Laurie.
245 ## - TITLE STATEMENT
Title The coming plague :
Statement of responsibility, etc Laurie Garrett.
260 ## -
-- New York :
-- Farrar, Straus and Giroux,
300 ## -
-- 750 f
-- 25 cm.
505 ## -
-- Index:f. 731-750
650 #0 -
-- Epidemitë
-- Punët e famshme
650 #0 -
-- Sëmundjet e diskutueshme
-- Punët e famshme
942 ## - ADDED ENTRY ELEMENTS (KOHA)
Source of classification or shelving scheme
Item type Books
Holdings
Withdrawn status Lost status Source of classification or shelving scheme Damaged status Not for loan Collection code Permanent location Current location Shelving location Date acquired Total Checkouts Full call number Barcode Date last seen Price effective from Koha item type
          Koleksioni i përgjithshem UBT - Lipjan UBT - Lipjan Koleksioni i përgjithshem 05/20/2015   614.4 GAR 9780374126469 05/20/2015 05/20/2015 Books
UBT Library © 2015-2024. All rights reserved University Education for Business and Technology